000 00945nam0a22002771 4500
001 rc\2999489
005 20250810055148.0
035 _a(NLR Aleph) 007143007
090 _a7074785
_c7074785
100 _a20110919d1941 u y0rusy50 ca
101 0 _arus
102 _aRU
105 _aa z |||||
200 1 _aСлужба подин мартеновских печей
_fА.Д. Лаушкин и П.М. Масловский
210 _aСвердловск
_aМосква
_cМеталлургиздат
_d1941
_eСвердловск
215 _a32 с.
_cчерт.
_d22 см
225 1 _aСтахановские методы труда
700 1 _aЛаушкин
_bА.Д.
701 1 _aМасловский
_bП.М.
801 0 _aRU
_bNLR
_gpsbo
801 1 _aRU
_bELAR
_2rusmarc
852 _aNLR
_jТ30 Г-6/16
942 _cBOOK
945 _aРоссийская национальная библиотека
980 _aNB
980 _aBV